Anábasis de Alejandro Magno : (Record no. 90196)

MARC details
000 -LEADER
campo de control de longitud fija 01148cam a2200361Ia 4500
001 - NÚMERO DE CONTROL
campo de control 93476
005 - FECHA Y HORA DE LA ÚLTIMA TRANSACCIÓN
campo de control 20230410132923.0
008 - DATOS DE LONGITUD FIJA--INFORMACIÓN GENERAL
campo de control de longitud fija 071120c19779999sp rb 001 0 spa d
035 ## - NÚMERO DE CONTROL DEL SISTEMA
Número de control de sistema (OCoLC)ocn181659721
040 ## - FUENTE DE CATALOGACIÓN
Centro catalogador/agencia de origen UIA
Lengua de catalogación spa
Centro/agencia transcriptor UIA
020 ## - NÚMERO INTERNACIONAL ESTÁNDAR DEL LIBRO
Número Internacional Estándar del Libro 8424902661
035 ## - NÚMERO DE CONTROL DEL SISTEMA
Número de control de sistema (OCoLC)181659721
041 1# - CÓDIGO DE IDIOMA
Código de lengua del texto/banda sonora o título independiente spa
Código de lengua original grc
050 14 - SIGNATURA TOPOGRÁFICA DE LA BIBLIOTECA DEL CONGRESO
Número de clasificación B 171
Número de ítem B582 1977
049 ## - FONDOS LOCALES (OCLC)
Biblioteca depositaria GRAL
100 1# - ENTRADA PRINCIPAL--NOMBRE DE PERSONA
Nombre de persona Arriano, Flavio,
Fechas asociadas al nombre 86-175 siglo II.
130 1# - ENTRADA PRINCIPAL--TÍTULO UNIFORME
Título uniforme Biblioteca Clásica Gredos.
245 10 - MENCIÓN DEL TÍTULO
Título Anábasis de Alejandro Magno :
Resto del título Libros I-III /
Mención de responsabilidad, etc. Arriano ; introducción de Antonio Bravo García, traducción y notas de Antonio Guzmán Guerra.
260 ## - PUBLICACIÓN, DISTRIBUCIÓN, ETC.
Lugar de publicación, distribución, etc. Madrid :
Nombre del editor, distribuidor, etc. Gredos,
Fecha de publicación, distribución, etc. 1977
300 ## - DESCRIPCIÓN FÍSICA
Extensión 333 p. ;
Dimensiones 19 cm.
440 #0 - MENCIÓN DE SERIE/PUNTO DE ACCESO ADICIONAL--TÍTULO
Título Biblioteca clásica Gredos ;
Designación de volumen o secuencia n.49
504 ## - NOTA DE BIBLIOGRAFÍA, ETC.
Nota de bibliografía, etc. Incluye referencias bibliográficas e índice.
505 0# - NOTA DE CONTENIDO CON FORMATO
Nota de contenido con formato Libros I-III
600 04 - PUNTO DE ACCESO ADICIONAL DE MATERIA--NOMBRE DE PERSONA
Nombre de persona Alejandro,
Títulos y otros términos asociados al nombre el Grande
650 #0 - PUNTO DE ACCESO ADICIONAL DE MATERIA--TÉRMINO DE MATERIA
Término de materia o nombre geográfico como elemento de entrada Philosophy, Classical.
650 #0 - PUNTO DE ACCESO ADICIONAL DE MATERIA--TÉRMINO DE MATERIA
Término de materia o nombre geográfico como elemento de entrada Philosophy, Ancient.
650 #0 - PUNTO DE ACCESO ADICIONAL DE MATERIA--TÉRMINO DE MATERIA
Término de materia o nombre geográfico como elemento de entrada Philosophers, Ancient
Subdivisión general Biography
700 1# - ENTRADA AGREGADA--NOMBRE PERSONAL
Nombre de persona Bravo García, Antonio
700 1# - ENTRADA AGREGADA--NOMBRE PERSONAL
Nombre de persona Guzmán Guerra, Antonio
942 ## - ELEMENTOS DE ENTRADA SECUNDARIOS (KOHA)
Fuente del sistema de clasificación o colocación Clasificación de Library of Congress
Tipo de ítem Koha
946 ## - PROCESAMIENTO DE INFORMACIÓN LOCAL (OCLC)
a mjcruz
994 ## -
-- C0
-- DRFGD
Holdings
Estatus retirado Estado de pérdida Fuente del sistema de clasificación o colocación Estado de daño No para préstamo Colección Biblioteca de origen Biblioteca actual Ubicación en estantería Fecha de adquisición Serial enumeration / chronology Signatura topográfica completa Código de barras Visto por última vez Copia número Tipo de ítem Koha
    Clasificación de Library of Congress     Humanidades Biblioteca Juan Bosch Biblioteca Juan Bosch Humanidades (4to. Piso) 10/04/2023 n.49 B 171 B582 1977 00000087045 17/11/2018 1